000 01221nam0a2200325 4500
001 RU\NLR\BIBL_A\012604928
005 20211214111715.0
010 _a978-5-907338-23-4
_95000
021 _aRU
_bКН-П-21-028431
_9КН-П-21-2201
035 _a(NLR Aleph) 012604928
090 _a12592909
_c12592909
100 _a20210929d2021 u y0rusy50 ca
101 1 _arus
_cita
102 _aRU
105 _ay z 000ay
181 0 _ai
_baxxe
182 0 _an
200 1 _aИстория одной семьи
_e[роман]
_fРоза Вентрелла
_gперевела с итальянского Яна Богданова
_gхудожник: Алексей Вайнер
203 _aТекст
_bвизуальный
_cнепосредственный
210 _aСанкт-Петербург
_cАркадия
_d2021
215 _a350, [2] с.
_d21
225 1 _aСерия "Memory"
333 _a16+
686 1 _aШ6(4Ит)67-440.4(Лх1609-45)
700 1 _7ca
_8rus
_aВентрелла
_bР.
_f1974-
_gРоза
_9237191
_3RU\NLR\AUTH\770237247
942 _cBOOK
980 _aNB